Organic reactions stereochemistry and mechanism : Through solved problems /
Wedi'i Gadw mewn:
| Prif Awdur: | |
|---|---|
| Fformat: | Sách giấy |
| Iaith: | English |
| Cyhoeddwyd: |
New Delhi :
New age international,
2006.
|
| Tagiau: |
Ychwanegu Tag
Dim Tagiau, Byddwch y cyntaf i dagio'r cofnod hwn!
|
| Thư viện lưu trữ: | Thư viện Trường Đại học Đà Lạt |
|---|
| LEADER | 00678nam a2200277 4500 | ||
|---|---|---|---|
| 001 | DLU090068706 | ||
| 005 | ##20090512 | ||
| 040 | # | # | |a DLU |b vie |
| 041 | # | # | |a eng |
| 044 | # | # | |a in |
| 082 | # | # | |a 547.139 |b KA-S |
| 100 | # | # | |a Kalsi, P.S. |
| 245 | # | # | |a Organic reactions stereochemistry and mechanism : |b Through solved problems / |c P.S. Kalsi. |
| 260 | # | # | |a New Delhi : |b New age international, |c 2006. |
| 300 | # | # | |a xiv, 592 p. ; |c 24 cm. |
| 923 | # | # | |a 03/2009 |
| 991 | # | # | |a GT |
| 992 | # | # | |a 543392 |
| 994 | # | # | |a DLU |
| 900 | # | # | |a True |
| 911 | # | # | |a Đào Thị Thu Huyền |
| 925 | # | # | |a G |
| 926 | # | # | |a A |
| 927 | # | # | |a SH |
| 980 | # | # | |a Thư viện Trường Đại học Đà Lạt |